Name Every Song in Hadestown - Statistics

General Stats
  • This quiz has been taken 164 times
  • The average score is 22 of 33
Answer Stats
Answer % Correct
Wait For Me
96%
Road to Hell
92%
Epic I
86%
Epic II
85%
Way Down Hadestown
85%
Chant
84%
Hey Little Songbird
84%
Epic III
82%
Wait For Me Reprise
82%
Wedding Song
81%
Any Way the Wind Blows
78%
Come Home with Me
78%
Livin It Up on Top
78%
Why We Build the Wall
76%
Flowers
74%
Our Lady of the Underground
68%
When the Chips are Down
67%
Doubt Comes In
66%
All I’ve Ever Known
64%
Road to Hell Reprise
64%
Chant Reprise
62%
Papers
59%
We Raise Our Cups
58%
Gone I’m Gone
54%
If It’s True
51%
Way Down Hadestown Reprise
49%
How Long
47%
Promises
46%
Come Home with Me Reprise
40%
Gathering Storm
39%
His Kiss the Riot
39%
Word to the Wise
34%
Nothing Changes
31%
No matching quizzes found
Score Distribution
Percent of People with Each Score
Percentile by Number Answered
Your Score History
You have not taken this quiz